Biblioteca

Diccionario de religiones comparadas (Registro nro. 31604)

Detalles MARC
000 -LÍDER
Campo fijo de descripción fija 009940000a22002890004500
001 - NÚMERO DE CONTROL
Campo de control 49
003 - IDENTIFICADOR DEL NÚMERO DE CONTROL
Campo de control CO-MdFUSB
005 - FECHA Y HORA DE LA ULTIMA TRANSACCIÓN
control field 20160513150147.0
008 - ELEMENTOS DE LONGITUD FIJA -- INFORMACIÓN GENERAL
Campo fijo de descripción fija -- Información general 160513t1975 sp ||||f |||| 00| 0 spa d
020 ## - NÚMERO INTERNACIONAL NORMALIZADO PARA LIBROS
Número Internacional Normalizado del libro 84-7057-188-5
040 ## - FUENTE DE CATALOGACIÓN
Agencia de catalogación original CO-MdFUSB
Idioma de catalogación Español
Agencia que realiza la transcripción CO-MdFUSB
Agencia que realiza la modificación CO-MdFUSB
041 0# - CÓDIGO DE IDIOMA
Código de idioma para texto/pista de sonido o título separado spa
082 04 - NÚMERO DE CLASIFICACIÓN DECIMAL DEWEY
Número de clasificación R 203 B8191d
100 1# - ASIENTO PRINCIPAL--NOMBRE PERSONAL
Nombre personal Brandon, S. G. F. (1907-1971)
245 10 - TÍTULO
Título del Material Diccionario de religiones comparadas
Mención de responsabilidad, etc. / S.G.F. Brandon; J. Valiente Malla, Traductor.
260 ## - PUBLICACIÓN, DISTRIBUCIÓN, ETC. (PIE DE IMPRENTA)
Lugar de publicación, distribución, etc. Madrid, España : Cristiandad
264 ## - PRODUCCIÓN, PUBLICACIÓN, DISTRIBUCIÓN, MANUFACTURA, Y COPYRIGHT
Lugar de producción, publicación, distribución, manufactura Madrid, España
Nombre del productor, publicador, distribuidor : Cristiandad,
Fecha de producción, publicación, distribución, manufactura, o copyright 1975
300 ## - DESCRIPCIÓN FÍSICA
Extensión 750 Pag.
336 ## - TIPO DE CONTENIDO
Fuente rdacontent
Término de tipo de contenido
Código de tipo de contenido
337 ## - TIPO DE MEDIO
Fuente rdamedia
338 ## - TIPO DE SOPORTE
Fuente rdacarrier
Nombre del tipo de soporte
Código Tipo de soporte
500 ## - NOTA GENERAL
Nota General Título original: A dictionary of comparative religion.
505 ## - NOTA DE CONTENIDO
Nota de contenido con formato preestablecido 1) Incas 2) India 3) Indios norteamericano 4) Irán 5) Jarán 6) Melanesios 7) Nueva Guinea 8) Palelítico 9) Partos 10) Polinesios
653 ## - TÉRMINO DE INDIZACIÓN - NO CONTROLADO
Término no controlado RELIGIONES
653 ## - TÉRMINO DE INDIZACIÓN - NO CONTROLADO
Término no controlado \ ENCICLOPEDIAS
-- Y DICCIONARIOS
942 ## - TIPO DE MATERIAL (KOHA)
Tipo de Item KOHA Libros General
Existencias
Estado de Material Estado de Perdido Forma de Clasificación Estado de Dañado No para Préstamo Colección Tomo Biblioteca de Origen Biblioteca Permanente Fecha de Adquisición Total de Préstamos Signatura Topográfica Código de Barras Última vez visto Ejemplar/Existencia Fecha de Remplazo Tipo de Material
    Dewey Decimal Classification     Colección de Referencia   Biblioteca FUSBC Biblioteca FUSBC 23/08/2004   R 203 B8191d 7845 12/12/2019 Vol. 1, ej. 1 26/01/2016 Libros de Referencia
    Dewey Decimal Classification     Colección de Referencia   Biblioteca FUSBC Biblioteca FUSBC 23/08/2004   R 203 B8191d 7846 12/12/2019 Vol. 2, ej. 1 26/01/2016 Libros de Referencia

Biblioteca FUSBC | Teléfono: (57+4) 349 88 10 Ext. 141| WhatsApp (+57) 3005338115 
E-mail: biblioteca@unisbc.edu.co | Calle 76 87-14 Robledo Palenque, Medellín, Colombia

Con tecnología Koha